000 00555nam a2200133 4500
008 031016s2001 ph a b 001 0deng
020 _a9719194359 :Php600.00
090 _aBX2946.P5
_bR66a
245 0 4 _aThe Augustinian recollects in the Philippines :
_bhagiography and history /
_cEmmanuel Luis A. Romanillos.
260 _aQuezon City, Philippines :
_bRecoletos Communications,
_cc2001.
300 _ax, 415 p. :
_bill. ;
_c24 cm.
610 2 4 _aAugustinians
_zPhilippines
_xHistory.
951 _p26508
_x00025259
_oBX2946.P5/R66a
_j070613111318500
_d2000-12-21
_cFIL
999 _c17834
_d17834